000 nam a22 7a 4500
999 _c8243
_d8243
008 171212b xxu||||| |||| 00| 0 eng d
020 _a9780521807593
100 _aPandey Gyanendra
_94667
245 _aRemembering Partition
260 _aEdinburg
_bCambridge Press
_c2002